000 00780nam a2200253Ia 4500
003 OSt
005 20220918170724.0
006 a|||||r|||| 00| 0
007 ta
008 220917b |||||||| |||| 00| 0 eng d
020 _a9780415771542 (hbk)
_c5986.39
024 _a239,686
037 _b1461, 09/10/2009, Channel Publications
_cTextual
040 _aARTS
_cARTS
_beng
041 _2eng
_aeng
082 _aV1(Q7):19.P1, P8
100 _aDabashi Hamid
_930690
245 0 _aIslamic liberation theology
_b Resisting the empire
260 _aLondon
_bRoutledge Taylor UK
_c2008
300 _a303p.
_ccm.
650 _aHISTORY
942 _hV1(Q7):19.P1, P8
_cTEXL
_2CC
999 _c135378
_d135378